• 首页
  • 本馆介绍
  • 公告通知
  • 最新文献
  • 馆藏检索
  • 电子资源
  • 读者导购
  • 参考咨询
  • 我的图书馆
  • 登录
  • 详细信息显示
  • 放入我的书架
  • 预约/预借图书
  • 作者相关作品
  • 分类相关作品
  • 丛书相关作品
  • 出版社相关作品

书目信息

  • 表格格式
  • 工作单格式
  • 卡片格式
题名:
农民工与中国社会分层
    
 
作者: 李强 著
分册:  
出版信息: 北京   社会科学文献出版社  2004
页数: 410页
开本: 21cm
丛书名: 世纪群学文库
单 册:
中图分类: D663.2
科图分类:
主题词: 农民工--研究--中国 , 城市--社会结构--研究--中国
电子资源:
ISBN: 7-80190-350-1
000 00752oam2 2200265 45
001 09000000022075
005 20051205160129.29
010    @a7-80190-350-1@dCNY28.00
092    @aCN
100    @a20050120d2004 ekmy0chiy0120 ea
101 0  @achi
102    @aCN@b110000
105    @ay z 000yy
200 1  @a农民工与中国社会分层@9nong min gong yu zhong guo she hui fen ceng@f李强著@Fli qiang zhu
210    @a北京@c社会科学文献出版社@d2004
215    @a410页@d21cm
225 2  @a世纪群学文库
461  0 @12001 @a世纪群学文库
606 0  @a农民工@x研究@y中国
606 0  @a城市@x社会结构@x研究@y中国
690    @aD663.2@v4
701  0 @a李强@Ali qiang@4著
801  0 @aCN@bCXYBOOK@c20051205
905    @a10447@dD663.2@e49
999    @aAFJ@eJDD
    
    农民工与中国社会分层/李强著.-北京:社会科学文献出版社,2004
    410页;21cm.-(世纪群学文库)
    
    
    ISBN 7-80190-350-1:CNY28.00
    
●
相关链接 在E读中查询图书 在五车中查询图书 在当当中查询图书 在豆瓣中查询图书


正题名:农民工与中国社会分层     索取号:D663.2/49         预约/预借

序号 登录号 条形码 馆藏地/架位号 状态 备注
1 0370167   203701672   第一样本阅览室/ [索取号:D663.2/49] 在馆    
2 0370168   203701681   第一借阅区/ [索取号:D663.2/49] 在馆    
3 0370169   203701690   第一借阅区/ [索取号:D663.2/49] 在馆    
4 0370170   203701707   第一借阅区/ [索取号:D663.2/49] 在馆    
5 0370171   203701716   第一借阅区/ [索取号:D663.2/49] 在馆    
唐山师范学院图书馆 欢迎您!
大连网信软件有限公司© 版权所有